Học nhanh Flash 8
Sách hướng dẫn tạo một web site với phiên bản mới nhất của Flash, sử dụng công cụ sáng tạo của Flash 8, tạo hoạt hình, các phép biến hình, bổ sung âm thanh ...
Sparad:
| Huvudupphovsman: | |
|---|---|
| Materialtyp: | Bok |
| Språk: | Undetermined |
| Publicerad: |
Thành phố Hồ Chí Minh
Lao động - Xã hội
2006
|
| Ämnen: | |
| Taggar: |
Lägg till en tagg
Inga taggar, Lägg till första taggen!
|
| Thư viện lưu trữ: | Trung tâm Học liệu Trường Đại học Cần Thơ |
|---|
| LEADER | 00832nam a2200205Ia 4500 | ||
|---|---|---|---|
| 001 | CTU_121899 | ||
| 008 | 210402s9999 xx 000 0 und d | ||
| 082 | |a 006.786 | ||
| 082 | |b H407 | ||
| 100 | |a Lê, Minh Hoàng | ||
| 245 | 0 | |a Học nhanh Flash 8 | |
| 245 | 0 | |c Lê Minh Hoàng | |
| 260 | |a Thành phố Hồ Chí Minh | ||
| 260 | |b Lao động - Xã hội | ||
| 260 | |c 2006 | ||
| 520 | |a Sách hướng dẫn tạo một web site với phiên bản mới nhất của Flash, sử dụng công cụ sáng tạo của Flash 8, tạo hoạt hình, các phép biến hình, bổ sung âm thanh ... | ||
| 650 | |a Flash ( Computer file ),Computer animation,Computer graphics,Web sites | ||
| 650 | |x Design | ||
| 904 | |i Minh | ||
| 980 | |a Trung tâm Học liệu Trường Đại học Cần Thơ | ||